000 01032nam0a22002651 4500
001 RU\INFOCOMM_318\NLR\5000075428
005 20250613103752.0
035 _a(NLR Aleph) 009479269
090 _a8576995
_c8576995
100 _a20121128d1967 |||y0rusy50 ca
101 0 _afre
102 _aRU
105 _ay z |||||
200 1 _aRèglement général de participation
_fLa Chambre de commerce de l'URSS. L'exposition internationale "Aménagement et équipement de la vie collective" (Interbytmach-68), Moscou, ... du 21 mai au 4 juin 1968
210 _a[M.]
_cВнешторгиздат
_d[1967]
215 _a49 с., включ. обл.
_d24 см
606 _aМашины для коммунальных работ
_xВыставки
_yМосква
_2nlr_sh1
620 _aМосква
686 _aТ30-20(выст)
_2rubbk
710 1 2 _a"Interbytmach-68", exposition internationale
_eMoscou
_f1968
_4070
801 1 _aRU
_bNLR
_c20121128
801 0 _aRU
_bINFOCOMM
_gPSBO
852 _aNLR
_jТ81 Д-8/
942 _cBOOK
980 _aNB